Diseño de una estrategia para iniciar el aseguramiento de la calidad en el Laboratorio de Soluciones Parentales de la C.C.S.S.
Gorde:
| Egile nagusia: | |
|---|---|
| Beste egile batzuk: | |
| Formatua: | Liburua |
| Argitaratua: |
[San José , Costa Rica]
1995
|
| Gaiak: | |
| Etiketak: |
Etiketa erantsi
Etiketarik gabe, Izan zaitez lehena erregistro honi etiketa jartzen!
|
MARC
| LEADER | 00000nam a2200000Ia 4500 | ||
|---|---|---|---|
| 003 | 007762 | ||
| 005 | 20221231144251.0 | ||
| 008 | 140114s1995 cr a m 000 ||s d | ||
| 040 | |c cru CEDI | ||
| 090 | |a TFG 3342 | ||
| 100 | |a Campos Lara, Daniel |9 10578 | ||
| 245 | |a Diseño de una estrategia para iniciar el aseguramiento de la calidad en el Laboratorio de Soluciones Parentales de la C.C.S.S. | ||
| 260 | |c 1995 |a [San José , Costa Rica] | ||
| 300 | |a 2 volúmenes : ilustraciones | ||
| 500 | |a Proyecto de graduación (licenciatura en ingeniería industrial)--Universidad de Costa Rica. Facultad de Ingeniería. Escuela de Ingeniería Industrial | ||
| 650 | |x CAJA COSTARRICENSE DE SEGURO SOCIAL (SAN JOSE).. LABORATORIO DE SOLUCIONES PARENTALES |x CONTROL DE CALIDAD |9 10580 | ||
| 700 | |9 10579 |a López Chaverri, Roberto | ||
| 942 | |c TFG | ||
| 999 | |c 19320 |d 19320 | ||
